000 01036nam0a22003131 4500
001 v19\rc\1722848
005 20260407023842.0
035 _a(NLR Aleph) 004820126
090 _a5010005
_c5010005
100 _a20061002d1901 |||y0rusy50 ca
101 0 _arus
102 _aRU
105 _ay z |||||
200 1 _aУчастие России на Всемирной Парижской выставке 1900 г.
_eОтчет ген. комиссара Рус. отд.
_fМ-во финансов
210 _aСанкт-Петербург
_d1901
215 _a117 с.
_d23
710 1 2 _aВсемирная выставка
_f1900
_eПариж
_bРусский отдел
_3RU\NLR\AUTH\8810009370
_9516467
801 0 _aRU
_bNLR
_gpsbo
801 0 _aRU
_bRuMoRGB
_2psbo
801 1 _aRU
_bProSoft-M
_2rusmarc
852 _aNLR
_j34.3.3.122
899 _aRuMoRGB
_jO 10/370
899 _aRuMoRGB
_jV 532/6
899 _aRuMoRGB
_jV 532/5
899 _aБАН
899 _aНБ СПбГУ
899 _aГПИБ
942 _cBOOK
980 _aNB